ბათუმის შოთა რუსთაველის სახელმწიფო უნივერსიტეტის ბიბლიოთეკა

საქართველოს ეროვნული ანტიკორუფციული სისტემის შეფასება / (ბიბ.ჩანაწერი № 40604)

000 -ლიდერი
ფიქსირებული სიგრძის საკონტროლო ველი 01134nam a2200193Ia 4500
001 - საკონტროლო ნომერი
საკონტროლო ველი 7231
003 - საკონტროლო ნომრის იდენტიფიკატორი
საკონტროლო ველი GE_BSU
005 - ბოლო ოპერაციის თარიღი და დრო
საკონტროლო ველი 20230829151658.0
008 - ფიქსირებული სიგრძის მონაცემთა ელემენტები - ზოგადი ინფორმაცია
ფიქსირებული სიგრძის საკონტროლო ველი 181216s2011||||ge |||||||||||||| ||geo||
040 ## - კატალოგიზაციის წყარო
Transcribing agency GE_BSU
041 ## - ენის კოდი
Language code of text/sound track or separate title geo
080 ## - უნივერსალური ათობითი კლასიფიკაციის ინდექსი
Universal Decimal Classification number 328.185(479.22)+343.352.3(479.22) ს-32
245 ## - ცნობა სათაურის შესახებ
Title საქართველოს ეროვნული ანტიკორუფციული სისტემის შეფასება /
Statement of responsibility, etc მთ. მკვლევარი ერეკლე ურუშაძე ; პროექტის ხელმძღვ. რედ. და ტექსტ. ნაწ. ავტ. კეიტლინ რაიანი.
264 ## - წარმოების, გამოცემის, დისტრიბუციის და სხვა ცნობები
გამოცემის, წარმოების, დისტრიბუციის... ადგილი თბილისი :
გამოცემის, წარმოების, დისტრიბუციის... სახელწოდება საერთაშორისო გამჭვირვალობა-საქართველო,
გამოცემის, წარმოების, დისტრიბუციის... თარიღი 2011.
300 ## - ფიზიკური აღწერა
Extent 246 გვ. ;
Dimensions 27 სმ.
Accompanying material ცხრ.
500 ## - ზოგადი შენიშვნა
General note დანართები : გვ. 235-245
653 ## - INDEX TERM--UNCONTROLLED
Uncontrolled term საქართველოს ეროვნული ანტიკოფციული სისტემის შეფასება
942 ## - ADDED ENTRY ELEMENTS (KOHA)
Koha item type წიგნი
Source of classification or shelving scheme
ეგზემპლარები
ჩამოწერის სტატუსი დაკარგული ეგზემპლარის სტატუსი კლასიფიკაციის წყარო ან თაროზე გაწყობის სქემა დაზიანების სტატუსი არ გაიცემა მუდმივი მდებარეობა (დაცვის ადგილი) ამჟამინდელი ადგილსამყოფელი თაროზე განთავსების ადგილი შეძენის თარიღი სრული შენახვის შიფრი შტრიხკოდი ბოლო ოპერაციის თარიღი ეგზემპლარის მიმდევრობითი ნომერი (კეტერი?) ფასის ძალაში შესვლის თარიღი ეგზემპლარის სახეობა
          ბათუმის შოთა რუსთაველის სახელმწიფო უნივერსიტეტის მთავარი ბიბლიოთეკა ბათუმის შოთა რუსთაველის სახელმწიფო უნივერსიტეტის მთავარი ბიბლიოთეკა წიგნსაცავი 2018-12-17 328.185(479.22)+343.352.3(479.22) ს-32 22535 2018-12-17 22535 2018-12-17 წიგნი
          ბათუმის შოთა რუსთაველის სახელმწიფო უნივერსიტეტის მთავარი ბიბლიოთეკა ბათუმის შოთა რუსთაველის სახელმწიფო უნივერსიტეტის მთავარი ბიბლიოთეკა წიგნსაცავი 2018-12-17 328.185(479.22)+343.352.3(479.22) ს-32 22536 2018-12-17 22536 2018-12-17 წიგნი